[Event "ch-Paris op C"]
[Site "Paris (Halle Carpentier)"]
[Date "2008.07.04"]
[Round "7.42"]
[White "Tiberghien, Luc"]
[Black "Eden, Agnes"]
[Result "0-1"]
[WhiteElo "1030"]
[BlackElo "1290"]
[PlyCount "110"]
[EventDate "2008.06.28"]

1. d4 d5 2. c4 dxc4 3. e4 b5 4. Nf3 Nf6 5. Nc3 Bg4 6. Be2 e6 7. e5 Nh5 8. Nxb5
Be7 9. Bxc4 O-O 10. O-O Nc6 11. Be2 a6 12. Nc3 Rb8 13. Bxa6 Nb4 14. Be2 Bf5 15.
Nh4 Bc2 16. Qd2 Bg5 17. Qe1 Bxh4 18. Bxh5 Qxd4 19. Qe3 Qxe3 20. Bxe3 Nd3 21.
Be2 Nxe5 22. Bc1 Rfd8 23. b3 Bf6 24. Bf4 Rd4 25. Be3 Rh4 26. h3 Nc6 27. Rfc1
Bf5 28. Kh2 Be5+ 29. f4 Bxf4+ 30. Bxf4 Rxf4 31. Rf1 Rd4 32. Rf3 Ne5 33. Rg3 g6
34. Rd1 Rxd1 35. Bxd1 Kf8 36. a4 Rd8 37. b4 Rd2 38. Bb3 Rb2 39. Nb5 c6 40. Nd6
Bb1 41. Rc3 Ke7 42. Nc8+ Kf6 43. a5 Be4 44. a6 Rxg2+ 45. Kh1 Re2+ 46. Kg1 Re1+
47. Kf2 Nd3+ 48. Kg3 Rg1+ 49. Kh4 g5+ 50. Kh5 Bg6+ 51. Kh6 Rg3 52. h4 gxh4 53.
a7 Be4 54. a8=Q Rg6+ 55. Kh5 Bf3+ 0-1

[Event "ch-Paris op C"]
[Site "Paris (Halle Carpentier)"]
[Date "2008.07.04"]
[Round "7.43"]
[White "Le Cour, Hugo"]
[Black "Moisset, Lola"]
[Result "0-1"]
[WhiteElo "1130"]
[BlackElo "1280"]
[PlyCount "82"]
[EventDate "2008.06.28"]

1. d4 d5 2. c4 e6 3. Nc3 Nf6 4. Bg5 h6 5. Bh4 Be7 6. Nf3 Nc6 7. e3 Ng4 8. Bxe7
Qxe7 9. Be2 e5 10. Nxe5 Ngxe5 11. dxe5 Nxe5 12. f4 Nxc4 13. Bxc4 dxc4 14. Qd2
O-O 15. O-O Rd8 16. Qf2 Bf5 17. Rfe1 Re8 18. Qf3 b6 19. Rad1 Rad8 20. Rxd8 Rxd8
21. e4 Rd3 22. exf5 Qxe1+ 23. Qf1 Qe3+ 24. Qf2 Qc1+ 25. Qf1 Qxb2 26. Ne4 Qd4+
27. Nf2 Ra3 28. Qb1 Qd2 29. Qf1 Qd4 30. Kh1 Rxa2 31. h3 Ra1 32. Nd1 Rxd1 33.
Qxd1 Qxd1+ 34. Kh2 Qd4 35. Kg3 c3 36. Kf3 Qd3+ 37. Kg4 c2 38. h4 c1=Q 39. g3
Qcd1+ 40. Kh3 Q1f1+ 41. Kh2 Qde2# 0-1

[Event "ch-Paris op C"]
[Site "Paris (Halle Carpentier)"]
[Date "2008.07.04"]
[Round "7.44"]
[White "Boudia, Rayan"]
[Black "Nadarajah, Phanujah"]
[Result "1-0"]
[WhiteElo "1430"]
[BlackElo "1160"]
[PlyCount "49"]
[EventDate "2008.06.28"]

1. d4 d5 2. c4 Nf6 3. Nc3 Nc6 4. cxd5 Nxd5 5. e4 Nxc3 6. bxc3 e5 7. d5 Ne7 8.
f4 exf4 9. Bxf4 c6 10. d6 Ng6 11. Bg3 Qd7 12. Nf3 b6 13. e5 Qe6 14. Be2 Bb7 15.
O-O O-O-O 16. Ng5 Qe8 17. Bg4+ Kb8 18. d7 Qe7 19. Nxf7 Rg8 20. Nxd8 Qxd8 21.
e6+ Bd6 22. Qxd6+ Ka8 23. Rf7 Bc8 24. e7 Qxd7 25. Qb8# 1-0

[Event "ch-Paris op C"]
[Site "Paris (Halle Carpentier)"]
[Date "2008.07.04"]
[Round "7.45"]
[White "Banat, Ryan"]
[Black "Fouliard, Marc"]
[Result "0-1"]
[WhiteElo "1020"]
[BlackElo "1430"]
[PlyCount "54"]
[EventDate "2008.06.28"]

1. e3 e5 2. d4 exd4 3. Qxd4 Nc6 4. Qd2 Nf6 5. Bd3 b6 6. Nf3 Bb7 7. O-O Bd6 8.
Bc4 O-O 9. Ng5 Ne5 10. Bb3 Nfg4 11. f4 Ng6 12. h3 Nf6 13. Qf2 Ne4 14. Nxe4 Bxe4
15. Rd1 Bc5 16. Ba4 c6 17. Nc3 Re8 18. Nxe4 Rxe4 19. Bb3 Rxf4 20. Qg3 Qf6 21.
Bd2 Re8 22. Bc3 Bxe3+ 23. Kh1 Qd6 24. Rxd6 Rfe4 25. Re1 Bf4 26. Qg4 Rxe1+ 27.
Bxe1 Rxe1# 0-1

[Event "ch-Paris op C"]
[Site "Paris (Halle Carpentier)"]
[Date "2008.07.04"]
[Round "7.46"]
[White "Clement, Charlene"]
[Black "Marchal, Quentin"]
[Result "1-0"]
[WhiteElo "1130"]
[BlackElo "1130"]
[PlyCount "87"]
[EventDate "2008.06.28"]

1. e4 e5 2. Nf3 Nc6 3. d4 d6 4. dxe5 dxe5 5. Qe2 Nf6 6. Nc3 Bc5 7. Be3 Bb4 8.
Qd3 O-O 9. Qc4 Be6 10. Qb5 Bxc3+ 11. bxc3 Nxe4 12. Bc5 Nxc5 13. Qxc5 Qd5 14.
Qxd5 Bxd5 15. Be2 Rfe8 16. O-O f6 17. Rad1 Rad8 18. c4 Be4 19. Rxd8 Rxd8 20.
Ne1 Nb4 21. f3 Nxc2 22. fxe4 Ne3 23. Rf3 Ng4 24. Rb3 Nh6 25. Rxb7 Rd4 26. Bd3
g5 27. Rxa7 Rd7 28. c5 Nf7 29. Bc4 h5 30. Be6 Re7 31. Bxf7+ Kxf7 32. a4 h4 33.
a5 Kg6 34. a6 Kh5 35. Ra8 g4 36. a7 c6 37. Rc8 Rxa7 38. Rxc6 Ra1 39. Kf2 Ra2+
40. Ke3 h3 41. gxh3 Ra3+ 42. Nd3 gxh3 43. Rxf6 Kg4 44. Rf2 1-0

[Event "ch-Paris op C"]
[Site "Paris (Halle Carpentier)"]
[Date "2008.07.04"]
[Round "7.47"]
[White "Banat, Samy"]
[Black "Su, Sylvie"]
[Result "0-1"]
[WhiteElo "1010"]
[BlackElo "1199"]
[PlyCount "36"]
[EventDate "2008.06.28"]

1. e4 e5 2. Nf3 Nc6 3. Nc3 Nf6 4. Bc4 Bc5 5. Ng5 d6 6. Nxf7 Qe7 7. Nxh8 Nd4 8.
O-O Bg4 9. f3 Nxf3+ 10. Kh1 Nh4 11. Bd5 Bxd1 12. Bg8 O-O-O 13. Nd5 Nxd5 14.
exd5 Rxg8 15. Rxd1 Qf6 16. Rg1 Rf8 17. g3 Qf3+ 18. Rg2 Qxg2# 0-1

[Event "ch-Paris op C"]
[Site "Paris (Halle Carpentier)"]
[Date "2008.07.04"]
[Round "7.48"]
[White "Lachkar, Dan"]
[Black "Le Cour, Valentin"]
[Result "1-0"]
[WhiteElo "1120"]
[BlackElo "1020"]
[PlyCount "29"]
[EventDate "2008.06.28"]

1. e4 e5 2. Nf3 Nc6 3. Bc4 Bb4 4. O-O d6 5. Nc3 Bg4 6. d3 Nd4 7. Bg5 Qd7 8. Bb5
Qxb5 9. Nxb5 Nf6 10. Nxc7+ Kd8 11. Nxa8 Bc5 12. c3 Nb5 13. a4 Ke8 14. axb5 Nd7
15. Nc7+ 1-0

[Event "ch-Paris op C"]
[Site "Paris (Halle Carpentier)"]
[Date "2008.07.04"]
[Round "7.49"]
[White "Papazian, Arlette"]
[Black "Sancey, Frederic"]
[Result "1-0"]
[WhiteElo "1499"]
[BlackElo "1070"]
[PlyCount "49"]
[EventDate "2008.06.28"]

1. Nf3 Nc6 2. d4 d5 3. c4 Nf6 4. h3 e6 5. Nc3 Bb4 6. Bf4 O-O 7. e3 Re8 8. Be2
e5 9. dxe5 Ne4 10. O-O Bc5 11. e6 Bxe6 12. Nb5 d4 13. Nxc7 Rc8 14. Nxe8 Qxe8
15. exd4 Nxd4 16. Nxd4 Rd8 17. Be3 Qe7 18. Qc2 Bxd4 19. Bxd4 Rxd4 20. Bd3 Nc5
21. Qc3 Rh4 22. Bb1 Qg5 23. Qe1 Nd3 24. Bxd3 Bxh3 25. Qe8# 1-0

[Event "ch-Paris op C"]
[Site "Paris (Halle Carpentier)"]
[Date "2008.07.06"]
[Round "9.1"]
[White "Martin, Madge"]
[Black "Hassanaly, Ikbal"]
[Result "0-1"]
[WhiteElo "1480"]
[BlackElo "1490"]
[PlyCount "34"]
[EventDate "2008.06.28"]

1. e4 d5 2. exd5 Qxd5 3. Nc3 Qa5 4. Nf3 Nf6 5. Be2 Bg4 6. h3 Bh5 7. b4 Qb6 8.
O-O e6 9. Rb1 Bd6 10. Na4 Qc6 11. Nd4 Bxe2 12. b5 Qc4 13. Qxe2 Qxd4 14. Qf3 c6
15. Qb3 O-O 16. d3 Qe5 17. d4 Qh2# 0-1

[Event "ch-Paris op C"]
[Site "Paris (Halle Carpentier)"]
[Date "2008.07.06"]
[Round "9.2"]
[White "Keller, Jean"]
[Black "Valencia, Gabriel"]
[Result "1-0"]
[WhiteElo "1499"]
[BlackElo "1999"]
[PlyCount "133"]
[EventDate "2008.06.28"]

1. c4 e6 2. d4 d5 3. e3 Nf6 4. Nf3 Be7 5. Bd3 dxc4 6. Bxc4 O-O 7. Nc3 b6 8. O-O
Bb7 9. Bd3 c5 10. dxc5 Bxc5 11. Be2 Nbd7 12. b3 Nd5 13. Nxd5 Bxd5 14. Bb2 Nf6
15. Rc1 Qc7 16. Bc4 Rfd8 17. Qe2 h6 18. Rfd1 Bxc4 19. Rxc4 Rxd1+ 20. Qxd1 Rd8
21. Qe2 Rd5 22. g3 Nd7 23. Rg4 f6 24. Qc2 Nf8 25. Nh4 Rg5 26. Rxg5 hxg5 27. Ng6
Nxg6 28. Qxg6 Qf7 29. Qe4 Qe7 30. h4 gxh4 31. Qxh4 e5 32. Qe4 a5 33. f4 Qd6 34.
fxe5 Qd1+ 35. Kh2 Qe2+ 36. Qg2 Qh5+ 37. Qh3 Qxh3+ 38. Kxh3 fxe5 39. e4 Bd4 40.
Bc1 Kf7 41. Kg4 g6 42. Kg5 Bc5 43. Kh6 Bf8+ 44. Kh7 Kf6 45. g4 g5 46. Kg8 Bc5
47. Kh7 b5 48. Kh6 Bf8+ 49. Kh5 a4 50. bxa4 bxa4 51. Bxg5+ Kf7 52. Bd8 Bd6 53.
g5 Bf8 54. g6+ Kg8 55. Kg5 Bd6 56. Kf5 Bb8 57. Bf6 Bc7 58. Bxe5 Bd8 59. Bd4 Bh4
60. e5 Bd8 61. e6 Be7 62. Bf6 Bc5 63. e7 Bxe7 64. Bxe7 Kg7 65. Kg5 Kg8 66. Bf6
Kf8 67. Kh6 1-0

[Event "ch-Paris op C"]
[Site "Paris (Halle Carpentier)"]
[Date "2008.07.06"]
[Round "9.3"]
[White "Larue, Daniel"]
[Black "Guerlach, Keigo"]
[Result "1-0"]
[WhiteElo "1499"]
[BlackElo "1440"]
[PlyCount "75"]
[EventDate "2008.06.28"]

1. f4 f6 2. e4 e5 3. fxe5 fxe5 4. Qh5+ g6 5. Qxe5+ Qe7 6. Qxh8 Qxe4+ 7. Ne2
Qh4+ 8. g3 Qe4 9. Rg1 Qe6 10. Qd4 b6 11. Qe3 Qxe3 12. dxe3 Nc6 13. Nd4 Nxd4 14.
exd4 Bg7 15. Be3 c5 16. c3 cxd4 17. Bxd4 Bxd4 18. cxd4 Nh6 19. Bg2 Rb8 20. Na3
Nf5 21. Nc2 Bb7 22. Bxb7 Rxb7 23. Kd2 Ke7 24. Rae1+ Kf6 25. Rgf1 Kg7 26. Kd3
Rc7 27. Ne3 Nh6 28. Nd5 Rb7 29. Re7+ Kg8 30. Nf6+ Kf8 31. Rxh7 Nf5 32. g4 Nd6
33. Nxd7+ Kg8 34. Re7 Rxd7 35. Rxd7 Nb5 36. h4 Nxd4 37. Kxd4 g5 38. Rc1 1-0

[Event "ch-Paris op C"]
[Site "Paris (Halle Carpentier)"]
[Date "2008.07.06"]
[Round "9.4"]
[White "Pallandre, Christian"]
[Black "Zodros, Denis"]
[Result "0-1"]
[WhiteElo "1440"]
[BlackElo "1470"]
[PlyCount "50"]
[EventDate "2008.06.28"]

1. d4 e6 2. Nf3 Nf6 3. Bf4 d5 4. c3 Nc6 5. Nbd2 Bd7 6. a3 h6 7. h3 Bd6 8. Bxd6
cxd6 9. e3 O-O 10. Be2 e5 11. dxe5 dxe5 12. O-O e4 13. Nd4 a6 14. f4 exf3 15.
Bxf3 Nxd4 16. cxd4 Re8 17. Re1 Bc6 18. Rc1 Rb8 19. Qe2 Re7 20. Qf2 Qd7 21. Qg3
Rbe8 22. Rc3 Qd8 23. b4 a5 24. bxa5 Qxa5 25. Qd6 Qxc3 0-1

[Event "ch-Paris op C"]
[Site "Paris (Halle Carpentier)"]
[Date "2008.07.06"]
[Round "9.5"]
[White "Fleurimont, Thierry"]
[Black "Lamure, Pierre-Louis"]
[Result "1-0"]
[WhiteElo "1450"]
[BlackElo "1290"]
[PlyCount "43"]
[EventDate "2008.06.28"]

1. e4 e5 2. Bc4 Nf6 3. Nc3 Bb4 4. Nf3 d6 5. d4 Nxe4 6. Bd2 Nxc3 7. bxc3 Ba5 8.
dxe5 d5 9. Bd3 Be6 10. O-O Nc6 11. Rb1 Rb8 12. Re1 O-O 13. Ng5 Qe7 14. Nxh7
Rfe8 15. Nf6+ gxf6 16. Qh5 f5 17. Re3 Qa3 18. Rg3+ Kf8 19. Bg5 Ne7 20. Qh6+ Kg8
21. Bf6+ Ng6 22. Qg7# 1-0

[Event "ch-Paris op C"]
[Site "Paris (Halle Carpentier)"]
[Date "2008.07.06"]
[Round "9.6"]
[White "Elzoghlami, Mehdi"]
[Black "Leconte, Nicolas"]
[Result "1-0"]
[WhiteElo "1500"]
[BlackElo "1410"]
[PlyCount "55"]
[EventDate "2008.06.28"]

1. e4 d5 2. exd5 Nf6 3. Nf3 Nxd5 4. c4 Nf6 5. d4 Bg4 6. Be3 e6 7. h3 Bh5 8. a3
Nc6 9. Be2 Be7 10. Nc3 Bxf3 11. Bxf3 O-O 12. O-O Qd7 13. b4 Nd8 14. Qb3 c6 15.
Rfd1 h6 16. Rac1 Rc8 17. d5 exd5 18. cxd5 cxd5 19. Nxd5 Rxc1 20. Bxc1 Nxd5 21.
Bxd5 Qf5 22. Rd3 b6 23. Rf3 Qg6 24. Rg3 Qf6 25. Bb2 Bd6 26. Bxf6 Bxg3 27. Qxg3
g6 28. Qxg6# 1-0

[Event "ch-Paris op C"]
[Site "Paris (Halle Carpentier)"]
[Date "2008.07.06"]
[Round "9.7"]
[White "Baldi, Valentine"]
[Black "Terradot, Francois"]
[Result "0-1"]
[WhiteElo "1480"]
[BlackElo "1420"]
[PlyCount "84"]
[EventDate "2008.06.28"]

1. d4 g6 2. c4 Nf6 3. Nc3 Bg7 4. Nf3 O-O 5. e4 d6 6. Bd3 Nc6 7. O-O Bg4 8. h3
Bxf3 9. Qxf3 e5 10. dxe5 Nxe5 11. Qe3 Re8 12. Be2 Qd7 13. b3 c6 14. Rd1 c5 15.
Bb2 Rad8 16. Nb5 Qc6 17. Nc3 a6 18. Nd5 Nxd5 19. Rxd5 Nxc4 20. Bxc4 Bxb2 21.
Rad1 Bd4 22. Qf3 b5 23. Bd3 Re5 24. Rxe5 dxe5 25. Qg4 Qe6 26. Qh4 Rd6 27. Qg3
c4 28. bxc4 bxc4 29. Bc2 c3 30. Qf3 Qf6 31. Qxf6 Rxf6 32. Rf1 Rb6 33. Bd3 a5
34. Kh2 Rb2 35. a4 Rd2 36. Bb5 c2 37. Rc1 Bb2 38. Re1 Rd1 39. Re2 c1=Q 40. h4
Qf4+ 41. g3 Qf3 42. Rxb2 Rh1# 0-1

[Event "ch-Paris op C"]
[Site "Paris (Halle Carpentier)"]
[Date "2008.07.06"]
[Round "9.8"]
[White "Bogdanovsky, Sonia"]
[Black "Hermez, Mohammed"]
[Result "1/2-1/2"]
[WhiteElo "1420"]
[BlackElo "1400"]
[PlyCount "144"]
[EventDate "2008.06.28"]

1. c4 e6 2. g3 d5 3. cxd5 exd5 4. Nf3 c5 5. d4 Nc6 6. Bg2 Qb6 7. Nc3 Be6 8. Na4
Qb5 9. O-O Nf6 10. b3 Bd6 11. Bb2 O-O 12. dxc5 Be7 13. Rc1 Rfd8 14. Ne5 Nb4 15.
Nc3 Qxc5 16. Nd3 Nxd3 17. Qxd3 Ne4 18. Nxe4 dxe4 19. Qxd8+ Rxd8 20. Rxc5 Bxc5
21. Bxe4 Rd2 22. Rc1 b6 23. Rc2 Rd1+ 24. Kg2 f5 25. Bf3 g5 26. Be5 g4 27. Bb7
h5 28. e3 Rd7 29. Bc6 Rh7 30. h4 gxh3+ 31. Kxh3 f4+ 32. Kg2 fxe3 33. Be4 Re7
34. fxe3 Bxb3 35. axb3 Rxe5 36. Kf3 Kg7 37. Rh2 a5 38. Kf4 Bd6 39. Kf3 b5 40.
Bc2 Bc5 41. e4 Kf6 42. g4 hxg4+ 43. Kxg4 Rg5+ 44. Kf3 Kg7 45. Rg2 Rxg2 46. Kxg2
Kf6 47. Kf3 Ke5 48. Bd1 Bd6 49. Ke3 Bc5+ 50. Kd3 Bb4 51. Bc2 {=} 51... Bc5 52.
Bd1 Kf4 53. Bh5 Kg3 54. Be8 b4 55. Ba4 Kf2 56. e5 Kf3 57. e6 Kf4 58. Kc4 Be7
59. Bd7 Ke5 60. Kb5 Kd4 61. Kxa5 Kc5 62. Ka4 Kb6 63. Bc8 Bd8 64. Bd7 Kc5 65.
Be8 Kd4 66. Kb5 Kc3 67. Ka4 Be7 68. Bd7 Kb2 69. Bc8 Ka2 70. Bd7 Kb2 71. Bc8 Bd8
72. Bd7 Be7 1/2-1/2

[Event "ch-Paris op C"]
[Site "Paris (Halle Carpentier)"]
[Date "2008.07.06"]
[Round "9.9"]
[White "Portier, Pierre"]
[Black "Roque, Gaetan"]
[Result "1-0"]
[WhiteElo "1499"]
[BlackElo "1380"]
[PlyCount "35"]
[EventDate "2008.06.28"]

1. e4 c6 2. d4 d5 3. Nc3 dxe4 4. Nxe4 Nf6 5. Nxf6+ exf6 6. Bc4 g6 7. Ne2 Bg7 8.
O-O O-O 9. Re1 Bg4 10. c3 Re8 11. Be3 b5 12. Bd3 Qd5 13. h3 Bc8 14. Ng3 Bb7 15.
Qd2 c5 16. f3 cxd4 17. Bh6 Bh8 18. Rxe8# 1-0

[Event "ch-Paris op C"]
[Site "Paris (Halle Carpentier)"]
[Date "2008.07.06"]
[Round "9.10"]
[White "Khechab, Michel"]
[Black "Samy, Valerie"]
[Result "1-0"]
[WhiteElo "1390"]
[BlackElo "1499"]
[PlyCount "73"]
[EventDate "2008.06.28"]

1. e4 e5 2. Nf3 Nc6 3. Bc4 a6 4. d4 Bd6 5. O-O b5 6. Bd5 Bb7 7. dxe5 Nxe5 8.
Nxe5 Bxe5 9. Bxb7 Rb8 10. Bd5 Nf6 11. f4 Bd6 12. Be3 c6 13. Bb3 Nxe4 14. Qd4
Qe7 15. Qxg7 Rf8 16. Qxh7 Bc5 17. Re1 Nf6 18. Qd3 Kd8 19. Nd2 Ng4 20. Nf1 Bb6
21. Bxb6+ Rxb6 22. Rxe7 Kxe7 23. Qe2+ Kd6 24. Rd1+ Kc7 25. Qxg4 Rbb8 26. Qxd7+
Kb6 27. Ne3 Rb7 28. Qd4+ Kc7 29. Qd6+ Kc8 30. Qxf8+ Kc7 31. Qxf7+ Kb6 32. Nd5+
cxd5 33. Qxd5 Rc7 34. Qd6+ Kb7 35. Bd5+ Kc8 36. Bc6 Rf7 37. Qd8# 1-0

[Event "ch-Paris op C"]
[Site "Paris (Halle Carpentier)"]
[Date "2008.07.06"]
[Round "9.11"]
[White "Souchaud, Raymond"]
[Black "Lutard, Florian"]
[Result "0-1"]
[WhiteElo "1480"]
[BlackElo "1370"]
[PlyCount "110"]
[EventDate "2008.06.28"]

1. Nf3 d5 2. d4 Bf5 3. e3 Nd7 4. c4 Ngf6 5. c5 g6 6. Nc3 e6 7. h3 Ne4 8. Ne2
Nef6 9. Nh4 Be4 10. f3 Nh5 11. g3 Nxg3 12. Rg1 Nxe2 13. Qxe2 Qxh4+ 14. Kd1 Bf5
15. Qh2 Qh5 16. Rg3 Bg7 17. Be2 O-O 18. e4 Bxh3 19. Rxh3 Be5 20. f4 Qxh3 21.
Qxh3 Bxd4 22. Kc2 dxe4 23. Be3 Bxc5 24. Bxc5 Nxc5 25. Rh1 h5 26. Bxh5 Rfd8 27.
Be2 Kf8 28. Qh4 e3 29. Qf6 Rd2+ 30. Kc1 Ke8 31. Rh8+ Kd7 32. Rxa8 Rxe2 33.
Qxf7+ Kc6 34. Qxg6 Rf2 35. Kd1 Rxb2 36. a4 Rd2+ 37. Ke1 Nd3+ 38. Qxd3 Rxd3 39.
Ke2 Rd4 40. Kxe3 Rxa4 41. Rf8 b5 42. Rf6 Kd5 43. f5 exf5 44. Rxf5+ Kc4 45. Rf6
c5 46. Kd2 b4 47. Rf4+ Kb5 48. Kc2 b3+ 49. Kxb3 Rxf4 50. Kc3 a5 51. Kb3 Rf3+
52. Ka2 Kb4 53. Kb2 Rf2+ 54. Kb1 Kc3 55. Ka1 Kb3 0-1

[Event "ch-Paris op C"]
[Site "Paris (Halle Carpentier)"]
[Date "2008.07.06"]
[Round "9.12"]
[White "Trocme, Jacques"]
[Black "Buchner, David"]
[Result "0-1"]
[WhiteElo "1480"]
[BlackElo "1340"]
[PlyCount "110"]
[EventDate "2008.06.28"]

1. Nf3 Nf6 2. d4 g6 3. g3 Bg7 4. Bg2 d6 5. c3 Bf5 6. Nbd2 Nc6 7. Nc4 Qd7 8. h3
b5 9. Ne3 Be4 10. h4 e6 11. Bh3 d5 12. Rg1 Qd6 13. Ng5 O-O 14. Nf1 h6 15. f3
Bf5 16. g4 hxg5 17. gxf5 exf5 18. Bxg5 Nh7 19. Bd2 b4 20. Qc1 bxc3 21. bxc3
Rfe8 22. f4 Qe6 23. e3 Nf6 24. Ng3 Na5 25. Bf1 Bh6 26. Ne2 Nc4 27. Rb1 Ne4 28.
h5 Nexd2 29. hxg6 Nf3+ 30. Kf2 Nxg1 31. gxf7+ Kxf7 32. Nxg1 Qxe3+ 33. Qxe3 Nxe3
34. Bb5 Ng4+ 35. Kg3 Reb8 36. a4 a6 37. Bc6 Rxb1 38. Bxd5+ Ke7 39. Bxa8 Rxg1+
40. Kf3 Rf1+ 41. Ke2 Rxf4 42. Kd3 Rf2 43. Kc4 Kd6 44. Kb4 Rb2+ 45. Ka5 Bd2 46.
Kxa6 Bxc3 47. d5 Ne3 48. Bc6 Bd4 49. Bb5 f4 50. a5 Rxb5 51. Kxb5 Kxd5 52. Ka6
f3 53. Kb7 f2 54. a6 f1=Q 55. a7 Bxa7 0-1

[Event "ch-Paris op C"]
[Site "Paris (Halle Carpentier)"]
[Date "2008.07.06"]
[Round "9.19"]
[White "Fattaccini, Paul-Andre"]
[Black "Segarra, Rene"]
[Result "1-0"]
[WhiteElo "1199"]
[BlackElo "1380"]
[PlyCount "152"]
[EventDate "2008.06.28"]

1. e4 d6 2. d4 g6 3. Bc4 Bg7 4. Nf3 e6 5. O-O Ne7 6. d5 e5 7. Bb3 Nd7 8. c4 Nc5
9. Be3 Nxb3 10. Qxb3 a6 11. a4 f6 12. Qc3 Bg4 13. Nfd2 O-O 14. f3 Bd7 15. a5 g5
16. g4 Ng6 17. b4 Nf4 18. Bxf4 gxf4 19. Kh1 Rf7 20. Rg1 Kh8 21. Nb3 Rc8 22. c5
Be8 23. c6 Rb8 24. Na3 Qc8 25. Qc4 Re7 26. b5 Kg8 27. cxb7 Qxb7 28. b6 Bf8 29.
Rab1 h6 30. Nd2 Ra8 31. Rgc1 Rc8 32. Nc2 Bb5 33. Qb4 Rd7 34. Na3 cxb6 35. Rxc8
Qxc8 36. Nxb5 axb5 37. axb6 Rb7 38. Qxb5 Be7 39. Nc4 Kf7 40. Na5 Rb8 41. b7 Qc3
42. Rf1 Qc5 43. Qxc5 dxc5 44. Rb1 Bd6 45. Nc6 Re8 46. b8=Q Bxb8 47. Nxb8 Kg6
48. h3 c4 49. Nc6 Ra8 50. Rc1 Ra3 51. d6 Rxf3 52. Kg2 Rg3+ 53. Kh2 Rd3 54. Ne7+
Kf7 55. Nd5 Rd2+ 56. Kg1 Ke6 57. Rxc4 Kxd6 58. Rc3 Rd1+ 59. Kf2 Rd2+ 60. Ke1
Rxd5 61. exd5 Kxd5 62. Rd3+ Ke6 63. Rb3 e4 64. Rb5 Kf7 65. Rb4 f5 66. gxf5 Kf6
67. Rxe4 Kxf5 68. Rb4 Kg5 69. Kf2 Kh4 70. Kg2 Kg5 71. h4+ Kg4 72. h5 Kxh5 73.
Rxf4 Kg5 74. Kg3 h5 75. Rh4 Kg6 76. Kf4 Kh6 1-0

[Event "ch-Paris op C"]
[Site "Paris (Halle Carpentier)"]
[Date "2008.07.06"]
[Round "9.13"]
[White "Moimeaux, Archibald"]
[Black "Pierre, Laurent"]
[Result "1/2-1/2"]
[WhiteElo "1199"]
[BlackElo "1440"]
[PlyCount "64"]
[EventDate "2008.06.28"]

1. c4 e5 2. Nc3 Nc6 3. g3 Bb4 4. a3 Bxc3 5. bxc3 d6 6. Bg2 Nge7 7. d3 Be6 8.
Nf3 h6 9. O-O Qd7 10. e4 Bh3 11. d4 Bxg2 12. Kxg2 b6 13. d5 Na5 14. Nd2 f6 15.
Rb1 O-O-O 16. Rb4 Rdg8 17. a4 c5 18. Rb5 Kc7 19. Ba3 h5 20. h3 g5 21. Qb1 h4
22. g4 Ng6 23. Kh2 Nf4 24. Re1 Rh7 25. Bc1 Nd3 26. Qxd3 Rhg7 27. Qb1 Rb8 28.
Qa2 Rf7 29. Rf1 Rff8 30. f3 Rf7 31. Rf2 Re7 32. Nf1 Rg7 1/2-1/2

[Event "ch-Paris op C"]
[Site "Paris (Halle Carpentier)"]
[Date "2008.07.06"]
[Round "9.14"]
[White "Benhaim, Louis"]
[Black "Martin, Didier"]
[Result "1-0"]
[WhiteElo "1340"]
[BlackElo "1400"]
[PlyCount "69"]
[EventDate "2008.06.28"]

1. d4 d5 2. Nf3 Nf6 3. c4 dxc4 4. Nc3 c6 5. e4 b5 6. a3 Be6 7. Be2 g6 8. O-O
Na6 9. Be3 Bg7 10. Ne5 Rc8 11. Nf3 O-O 12. Qd2 Nc7 13. Rad1 a5 14. Bh6 a4 15.
Bxg7 Kxg7 16. Ne5 Bd7 17. f4 h6 18. Qe1 Nce8 19. Qg3 Kh7 20. f5 g5 21. h4 Rg8
22. Qh3 g4 23. Bxg4 Nxg4 24. Nxg4 f6 25. Qf3 Qc7 26. e5 Rxg4 27. Qxg4 Rd8 28.
Qg6+ Kh8 29. Qxh6+ Kg8 30. Rf3 Kf7 31. Qg6+ Kf8 32. Rg3 e6 33. Qg8+ Ke7 34.
Qh7+ Kf8 35. Rg8# {  Ainsi s'acheve la mise a jour sur le site.  Je remercie
Roland pour son aide precieuse et sa collaboration ; l'arbitre principal pour
sa presence aux tables.  Si vous souhaitez recevoir le fichier complete
courant ete, vous pouvez m'adresser un courriel at grall.gwenole@gmail.com
(l'arbitre secondant du tournoi).} 1-0